Análisis psicopedagógico del servicio de orientación vocacional de un colegio privado de la provincia de San José (Record no. 177319)

MARC details
000 -CABECERA
campo de control de longitud fija 02286nab a2200265 a 4500
005 - FECHA Y HORA DE LA ÚLTIMA TRANSACCIÓN
campo de control 20260318095718.0
008 - ELEMENTOS DE LONGITUD FIJA--INFORMACIÓN GENERAL
campo de control de longitud fija 991125c2014 cr tr p o 000 0 spa d
035 ## - NÚMERO DE CONTROL DEL SISTEMA
Número de control de sistema UPN01000205218
040 ## - FUENTE DE LA CATALOGACIÓN
Centro catalogador/agencia de origen MX-MxUPN
Lengua de catalogación spa
Centro/agencia transcriptor MX-MxUPN
Normas de descripción aacr2
049 ## - COLECCIÓN
Colección ART-E
100 1# - ASIENTO PRINCIPAL--NOMBRE PERSONAL
Nombre de persona Rivera Alvarado, Laura Patricia
100 1# - ASIENTO PRINCIPAL--NOMBRE PERSONAL
Filiación laurariv.cr@gmail.com
245 10 - MENCIÓN DE TÍTULO
Título Análisis psicopedagógico del servicio de orientación vocacional de un colegio privado de la provincia de San José
506 0# - NOTA DE RESTRICCIONES AL ACCESO
Limitaciones de acceso Acceso abierto
520 3# - NOTA DE RESUMEN, ETC.
Sumario, etc. El presente artículo expone los resultados de una investigación cuantitativa, realizada en 2012, cuyo objetivo fue analizar, desde la perspectiva psicopedagógica, el servicio de orientación vocacional que recibe la población estudiantil de Bachillerato Nacional e Internacional de una institución de educación privada de la provincia de San José, Costa Rica. Para recopilar la información, se trabajó con el estudiantado que cursa el último año de ambas modalidades de bachillerato, a quienes se les aplicó un cuestionario, cuyas respuestas fueron sometidas a análisis estadísticos para obtener frecuencias y porcentajes sobre las características del servicio de orientación vocacional y para determinar la diferencia de los resultados, según el grupo de bachillerato. Los resultados evidenciaron las principales fortalezas y debilidades de este servicio. Asimismo, se determinó que este servicio satisface las necesidades de orientación vocacional de la población estudiantil de Bachillerato Internacional, pero no la de Bachillerato Nacional. Por último, a fin de mejorar dicho servicio en el centro educativo, se demostró que las personas profesionales de psicopedagogía cuentan con las competencias que les permiten contribuir junto con las orientadoras del centro educativo para brindar el servicio a la población estudiantil.
650 #4 - ASIENTO SECUNDARIO DE MATERIA - TERMINO TEMATICO
Término de materia o nombre geográfico como elemento de entrada Orientación vocacional
9 (RLIN) 5
650 #4 - ASIENTO SECUNDARIO DE MATERIA - TERMINO TEMATICO
Término de materia o nombre geográfico como elemento de entrada Psicopedagogía
9 (RLIN) 5085
650 #7 - ASIENTO SECUNDARIO DE MATERIA - TERMINO TEMATICO
Término de materia o nombre geográfico como elemento de entrada Educación media superior
9 (RLIN) 2253
653 0# - TERMINO DE INDIZACION - NO CONTROLADO
Término no controlado Psicopedagogos
773 ## - ENLACE AL DOCUMENTO FUENTE/ENTRADA DE REGISTRO ANFITRIÓN
Parte(s) relacionada(s) Vol. 14, no. 3 (2014), p. 1-32
Título Actualidades investigativas en educación
Número Internacional Normalizado para Publicaciones Seriadas 1409-4703
856 4# - LOCALIZACIÓN Y ACCESO ELECTRÓNICOS
Identificador Uniforme del Recurso <a href="https://dialnet.unirioja.es/servlet/articulo?codigo=5671417">https://dialnet.unirioja.es/servlet/articulo?codigo=5671417</a>
902 ## - ELEMENTOS DE DATOS B LOCAL, LDB (RLIN)
Creó Gloria Jiménez/180326
905 ## - TIPO DE MATERIAL
Tipo de material Articulo
942 ## - ELEMENTOS DE PUNTO DE ACCESO ADICIONAL (KOHA)
Tipo de ítem Koha Artículo Electrónico
Holdings
Estado de retiro Estado de pérdida Estado dañado No para préstamo Código de colección Localización permanente Ubicación/localización actual Ubicación en estantería Fecha de adquisición Total de préstamos Fecha visto por última vez Identificador Uniforme del Recurso Precio válido a partir de Tipo de ítem Koha
        Acceso abierto Bib. Gregorio Torres Quintero Bib. Gregorio Torres Quintero En línea 18/03/2026   18/03/2026 https://dialnet.unirioja.es/servlet/articulo?codigo=5671417 18/03/2026 Artículo Electrónico